Capitali e Iniziali degli Stati - Quiz n°17 - Statistics

Statistiche generali
  • Questo quiz è stato fatto 8 volte
  • Il punteggio medio è 7 su 10
Statistiche sulle risposte
Hint Risposta % Corretto
Lussemburgo L
100%
Accra G
88%
Londra R
88%
Stoccolma S
88%
Pyongyang C
75%
Manila F
75%
Ulan Bator M
75%
Yaren N
50%
Port Vila V
50%
Castries S
38%
Nessun quiz corrispondente trovato
Distribuzione punteggi
Percentuale di utenti per punteggio
Percentile per numero di risposta
I tuoi punteggi nel tempo
Non hai fatto questo quiz